| 000 | 01519ngm a22004210a 4500 | ||
|---|---|---|---|
| 001 | PT27783 | ||
| 003 | AR-LpoUNG | ||
| 005 | 20210201232254.0 | ||
| 007 | co ||u|||uuuuu | ||
| 008 | 191001s2007||||ck |||||||||||||||||spa d | ||
| 020 |
_a9789568555047 _c$100 |
||
| 040 |
_aAR-LpoUNG _bspa _cAR-LpoUNG _eaacr |
||
| 041 | _aspa | ||
| 044 | _ack | ||
| 082 | 0 | _a305.4 133mer | |
| 100 | 1 |
_aCaicedo, Luz Piedad _ecoor. |
|
| 245 | 1 | 0 |
_aIguales en méritos, desiguales en oportunidades : _bacceso de mujeres a los Sistemas de Administración de Justicia : informe regional |
| 260 |
_a[Bogotá] : _bAndros, _c2007. |
||
| 300 | _atbls. | ||
| 505 | 0 | _aAcompaña al impreso | |
| 520 | _aDiagnóstico de situación de las mujeres al interior de los sistemas de administración de justicia, las nociones jurídicas y las percepciones culturales en seis países de América Latina: Argentina, Bolivia, Colombia, Chile, Ecuador y Perú. | ||
| 650 | 4 | _aACCESO A LA CULTURA | |
| 650 | 4 | _aADMINISTRACION DE JUSTICIA | |
| 650 | 4 | _aAMERICA LATINA | |
| 650 | 4 | _aANALISIS DE GENERO | |
| 650 | 4 | _aCULTURA | |
| 650 | 4 | _aDERECHOS HUMANOS | |
| 650 | 4 | _aDISCRIMINACION BASADA EN EL GENERO | |
| 650 | 4 | _aIGUALDAD DE GENERO | |
| 650 | 4 | _aIGUALDAD DE OPORTUNIDADES | |
| 650 | 4 | _aJUSTICIA SOCIAL | |
| 650 | 4 | _aMUJERES | |
| 650 | 4 | _aTRABAJADORAS | |
| 651 | 4 | _aAmérica Latina | |
| 710 | 2 | _aCorporación Humanas. Centro Regional de Derechos Humanos y Justicia de Género (Bogotá) | |
| 905 | _a27783 | ||
| 942 | _cCDDVD | ||
| 999 |
_c53210 _d53210 |
||